[Event "4NCL 2012-13"]
[Site "Hinckley ENG"]
[Date "2013.03.24"]
[Round "8.167"]
[White "Ledger, Dave J"]
[Black "Taylor, Adam A"]
[Result "1-0"]
[WhiteTitle "FM"]
[WhiteElo "2268"]
[BlackElo "1877"]
[WhiteTeam "Blackthorne Russia"]
[BlackTeam "e2e4.org.uk"]
[WhiteFideId "401986"]
[BlackFideId "415790"]
[EventDate "2012.11.03"]

1. e4 c5 2. Nf3 Nc6 3. d4 cxd4 4. Nxd4 e5 5. Nb5 d6 6. N1c3 a6 7. Na3 b5 8. Nd5
Nge7 9. c4 Nd4 10. Bd3 Nxd5 11. exd5 Be7 12. O-O O-O 13. Be3 Nf5 14. cxb5 Nxe3
15. fxe3 f5 16. bxa6 e4 17. Be2 Bg5 18. Qd4 Qf6 19. Qxf6 Bxe3+ 20. Kh1 Rxf6 21.
Nc4 Bd4 22. Rfd1 Ba7 23. b4 Bxa6 24. a4 Bxc4 25. Bxc4 f4 26. a5 f3 27. b5 Rc8
28. Bf1 e3 29. gxf3 Rc2 30. Rdc1 Rf2 31. b6 1-0

[Event "4NCL 2012-13"]
[Site "Hinckley ENG"]
[Date "2013.03.24"]
[Round "8.168"]
[White "Norinkeviciute, Rasa"]
[Black "Duncan, Chris R"]
[Result "0-1"]
[WhiteTitle "WFM"]
[BlackTitle "FM"]
[WhiteElo "2010"]
[BlackElo "2294"]
[WhiteTeam "e2e4.org.uk"]
[BlackTeam "Blackthorne Russia"]
[WhiteFideId "12801925"]
[BlackFideId "403091"]
[EventDate "2012.11.03"]

1. c4 c6 2. g3 d5 3. Bg2 Nf6 4. Nf3 dxc4 5. Qc2 b5 6. O-O g6 7. Ne5 Qc7 8. f4
Bg7 9. d3 cxd3 10. exd3 O-O 11. a4 b4 12. a5 Be6 13. Nd2 Bd5 14. Ne4 Nbd7 15.
Nxc6 Qxc6 16. Qxc6 Bxc6 17. Nxf6+ Nxf6 18. Bxc6 Rac8 19. Bb7 Rc7 20. Bf3 Nd7 21.
Bd5 Bd4+ 22. Kh1 Rc2 23. Bb3 Rc6 24. Ra4 Rb8 25. Bc4 Nc5 26. Ra1 e6 27. g4 Ne4
28. Kg2 Nd6 29. Bb3 Rc5 30. Ra4 h5 31. h3 hxg4 32. hxg4 Rb7 33. Kf3 Kg7 34. Rh1
Nc8 35. Be3 Bxe3 36. Kxe3 Rbb5 37. Rha1 Ne7 38. Ke4 f5+ 39. Kf3 e5 40. fxe5 Rxe5
41. Rc1 fxg4+ 42. Kxg4 Kf6 43. Rc7 Re1 44. Kg3 Nf5+ 45. Kf2 Rb1 46. Rc6+ Kg5 47.
Rc2 Nd4 48. Ba2 Rf5+ 49. Kg2 Rd1 50. Rf2 b3 51. Bxb3 Nxb3 52. Rxf5+ gxf5 53. Rb4
Nxa5 54. Ra4 Nc6 55. Ra6 Nb4 56. Rxa7 Rxd3 57. Rb7 Rb3 58. Rg7+ Kf4 0-1

[Event "4NCL 2012-13"]
[Site "Hinckley ENG"]
[Date "2013.03.24"]
[Round "8.171"]
[White "Cooper, John G"]
[Black "Rendle, Thomas E"]
[Result "1/2-1/2"]
[WhiteTitle "IM"]
[BlackTitle "IM"]
[WhiteElo "2343"]
[BlackElo "2381"]
[WhiteTeam "South Wales Dragons"]
[BlackTeam "Sambuca Sharks & Sons of Anarchy"]
[WhiteFideId "1800027"]
[BlackFideId "408760"]
[EventDate "2012.11.03"]

1. Nf3 f5 2. g3 Nf6 3. Bg2 g6 4. d4 Bg7 5. c4 O-O 6. b3 d6 7. Bb2 c6 8. O-O Na6
9. Qc2 Qc7 10. Nbd2 Re8 11. e4 e5 12. c5 Nxe4 13. cxd6 Nxd6 14. dxe5 Nf7 15. Nc4
Be6 16. Rfe1 Bd5 17. Nd4 Bxg2 18. Kxg2 Nxe5 19. Nxe5 Bxe5 20. Rxe5 Qxe5 21. Nf3
Qc5 22. Qd2 Rad8 23. Qh6 Qf8 24. Qc1 Qc5 25. Qh6 Qf8 26. Qc1 Qc5 1/2-1/2

[Event "4NCL 2012-13"]
[Site "Hinckley ENG"]
[Date "2013.03.24"]
[Round "8.172"]
[White "Roberson, Peter T"]
[Black "Zeidler, Sven P."]
[Result "1/2-1/2"]
[WhiteTitle "FM"]
[BlackTitle "FM"]
[WhiteElo "2357"]
[BlackElo "2281"]
[WhiteTeam "Sambuca Sharks & Sons of Anarchy"]
[BlackTeam "South Wales Dragons"]
[WhiteFideId "412384"]
[BlackFideId "1800604"]
[EventDate "2012.11.03"]

1. e4 d5 2. exd5 Qxd5 3. Nc3 Qa5 4. d4 Nf6 5. Nf3 Bg4 6. h3 Bh5 7. g4 Bg6 8. Ne5
Nbd7 9. Nc4 Qa6 10. Bf4 Qe6+ 11. Ne3 Qb6 12. Nc4 Qe6+ 13. Ne3 Qb6 14. Nb5 Rc8
15. g5 Be4 16. f3 Nd5 17. fxe4 Nxf4 18. Qd2 Qe6 19. Nc3 h6 20. Bc4 Qg6 21. O-O-O
hxg5 22. Rdf1 e6 23. h4 Bb4 24. hxg5 Rxh1 25. Rxh1 Qxg5 26. Kb1 Nf6 27. e5 Ne4
28. Nxe4 Bxd2 29. Nxg5 Bxe3 30. c3 Ng6 31. Ne4 Ke7 32. Kc2 Rh8 33. Rxh8 Nxh8 34.
Kd3 Bc1 35. Kc2 Bf4 36. Nc5 b6 37. Na6 c5 38. Nb8 cxd4 39. cxd4 a5 40. Bb5 Kd8
41. b4 Kc7 42. Na6+ Kb7 43. bxa5 bxa5 44. Nc5+ Kb6 45. a4 Ng6 46. Nd3 Be3 47.
Kc3 Ne7 48. Nb2 Nf5 49. Nc4+ Kc7 50. Be8 Bxd4+ 51. Kd3 f6 52. exf6 gxf6 53. Nxa5
Nd6 54. Bg6 Bb6 55. Nc4 Nb7 56. Bf7 Nc5+ 57. Ke3 e5 58. a5 Ba7 59. Kf3 Kd7 60.
Kg4 Ke7 61. Bd5 Bb8 62. Nb6 Bc7 63. Kf5 1/2-1/2

[Event "4NCL 2012-13"]
[Site "Hinckley ENG"]
[Date "2013.03.24"]
[Round "8.173"]
[White "Dineley, Richard"]
[Black "Williams, Samuel G"]
[Result "1/2-1/2"]
[WhiteElo "2249"]
[BlackElo "2253"]
[WhiteTeam "South Wales Dragons"]
[BlackTeam "Sambuca Sharks & Sons of Anarchy"]
[WhiteFideId "1800680"]
[BlackFideId "410977"]
[EventDate "2012.11.03"]

1. e4 c5 2. Nf3 Nc6 3. d4 cxd4 4. Nxd4 Nf6 5. Nc3 e5 6. Ndb5 d6 7. Bg5 a6 8. Na3
b5 9. Bxf6 gxf6 10. Nd5 f5 11. Bd3 Be6 12. O-O Bxd5 13. exd5 Ne7 14. Re1 Bg7 15.
c3 O-O 16. Qh5 e4 17. Bf1 Qc8 18. Rad1 Re8 19. g3 Qc5 20. Nc2 b4 1/2-1/2

[Event "4NCL 2012-13"]
[Site "Hinckley ENG"]
[Date "2013.03.24"]
[Round "8.174"]
[White "Edgell, Ben P"]
[Black "Redmond, John P."]
[Result "1/2-1/2"]
[WhiteElo "2099"]
[BlackElo "2236"]
[WhiteTeam "Sambuca Sharks & Sons of Anarchy"]
[BlackTeam "South Wales Dragons"]
[WhiteFideId "412589"]
[BlackFideId "2500051"]
[EventDate "2012.11.03"]

1. Nf3 Nf6 2. c4 c6 3. g3 d5 4. Qc2 g6 5. d4 Bg7 6. Bg2 O-O 7. O-O a6 8. a4 a5
9. Ne5 Na6 10. cxd5 Nb4 11. Qb3 Nfxd5 12. Nc3 Nb6 13. Qd1 Be6 14. Bf4 Nc4 15.
Nxc4 Bxc4 16. Be5 Bxe5 17. dxe5 Qxd1 18. Rfxd1 Rfd8 19. f4 Bb3 20. Rxd8+ Rxd8
21. Ne4 b6 22. Kf2 Nc2 23. Rc1 c5 24. Nc3 Nb4 25. Ke3 Nc2+ 26. Kf2 Nb4 27. Ke3
e6 28. Bb7 Rd7 29. Ba8 Rd8 30. Bb7 Kf8 31. h4 h5 32. Be4 Ke7 33. Ra1 Bc2 34. Rc1
Bb3 35. Ra1 Bc2 36. Rc1 Bxe4 37. Nxe4 Rd4 38. b3 Nd5+ 39. Kf3 Rb4 40. Nd2 Rd4
41. Nc4 Kd8 42. e4 Ne7 43. Ke3 Nc8 1/2-1/2

[Event "4NCL 2012-13"]
[Site "Hinckley ENG"]
[Date "2013.03.24"]
[Round "8.175"]
[White "Jameson, David"]
[Black "Murphy, Hugh W"]
[Result "1/2-1/2"]
[WhiteElo "2143"]
[BlackElo "2152"]
[WhiteTeam "South Wales Dragons"]
[BlackTeam "Sambuca Sharks & Sons of Anarchy"]
[WhiteFideId "1801538"]
[BlackFideId "422444"]
[EventDate "2012.11.03"]

1. d4 d5 2. Nf3 Nf6 3. Bf4 c5 4. e3 cxd4 5. exd4 Nc6 6. c3 Bg4 7. Nbd2 e6 8. Qb3
Qc8 9. Ne5 Nxe5 10. Bxe5 a6 11. h4 Bf5 12. Be2 h5 13. c4 Be7 14. cxd5 exd5 15.
O-O Qd7 16. Rac1 Rc8 17. Rxc8+ Qxc8 18. Bf3 O-O 19. Bxf6 Bxf6 20. Bxd5 b5 21.
Nf3 Bc2 22. Qc3 Qf5 23. Bb7 Rd8 24. Rc1 Bd3 25. Rd1 Be2 26. Rd2 Bxf3 27. Qxf3
Qb1+ 28. Kh2 Rxd4 29. Rxd4 Bxd4 30. Bxa6 Qxb2 31. Qa8+ Kh7 32. Qe4+ g6 33. Bxb5
Qxf2 34. Bc4 Be3 35. Kh3 Bc5 36. Qf3 Qxf3+ 37. gxf3 f6 38. a4 Bb6 39. Kg3 g5 40.
hxg5 fxg5 1/2-1/2

[Event "4NCL 2012-13"]
[Site "Hinckley ENG"]
[Date "2013.03.24"]
[Round "8.176"]
[White "Purton, Ben J"]
[Black "James, David"]
[Result "1/2-1/2"]
[BlackTitle "FM"]
[WhiteElo "2136"]
[BlackElo "2147"]
[WhiteTeam "Sambuca Sharks & Sons of Anarchy"]
[BlackTeam "South Wales Dragons"]
[WhiteFideId "411132"]
[BlackFideId "1800272"]
[EventDate "2012.11.03"]

1. e4 c5 2. Nf3 d6 3. Bb5+ Bd7 4. Bxd7+ Qxd7 5. c4 Nf6 6. Nc3 g6 7. O-O Bg7 8.
d4 cxd4 9. Nxd4 O-O 10. f3 Rc8 11. b3 d5 12. exd5 Nxd5 13. Nxd5 e6 14. Bh6 1/2-1/2

[Event "4NCL 2012-13"]
[Site "Hinckley ENG"]
[Date "2013.03.24"]
[Round "8.178"]
[White "Kourtseva, Julie"]
[Black "Owens, Megan R"]
[Result "1/2-1/2"]
[WhiteElo "1756"]
[BlackElo "1847"]
[WhiteTeam "Sambuca Sharks & Sons of Anarchy"]
[BlackTeam "South Wales Dragons"]
[WhiteFideId "418749"]
[BlackFideId "1801996"]
[EventDate "2012.11.03"]

1. d4 Nf6 2. Nf3 g6 3. e3 Bg7 4. Bd3 d5 5. O-O O-O 6. Nbd2 Nbd7 7. c4 c5 8. b3
b6 9. Bb2 Bb7 10. Qc2 Rc8 11. Rad1 Qc7 12. Rfe1 Rfe8 13. Ne5 Nxe5 14. dxe5 Nd7
15. f4 Nf8 16. cxd5 Bxd5 17. e4 Bc6 18. Nf3 Red8 19. a4 Ne6 20. Qf2 Qb7 21. Qe3
Bh6 22. g4 Bxf4 23. Qf2 b5 24. Qe2 a6 1/2-1/2

[Event "4NCL 2012-13"]
[Site "Hinckley ENG"]
[Date "2013.03.24"]
[Round "8.181"]
[White "McDonald, Neil"]
[Black "Holland, James P"]
[Result "1/2-1/2"]
[WhiteTitle "GM"]
[WhiteElo "2454"]
[BlackElo "2245"]
[WhiteTeam "Wood Green, Hilsmark Kingfisher"]
[BlackTeam "BCM"]
[WhiteFideId "400629"]
[BlackFideId "416835"]
[EventDate "2012.11.03"]

1. e4 e5 2. Nf3 Nc6 3. Bb5 Nf6 4. d3 Bc5 5. O-O d6 6. c3 Bb6 7. Nbd2 O-O 8. Nc4
h6 9. a4 Ne7 10. a5 Bc5 11. b4 a6 12. bxc5 axb5 13. cxd6 bxc4 14. dxe7 Qxe7 15.
Ba3 c5 16. d4 exd4 17. cxd4 Qxe4 18. Bxc5 Re8 19. Re1 Qd5 20. Rxe8+ Nxe8 21. Ne5
Be6 22. Ra4 c3 23. Qc1 Qe4 24. Ra3 c2 25. Re3 Qh7 26. Bb6 Nf6 27. h3 Nd5 28. Re1
Nc3 29. Qd2 Rc8 30. Kh2 Bd5 31. Bc5 Ne4 32. Qxc2 Nxc5 33. Qxh7+ Kxh7 34. Rc1 f6
35. Ng4 Be6 36. Rxc5 Rd8 37. Rc7 Bxg4 38. hxg4 Rxd4 39. Rxb7 Rxg4 40. a6 Ra4 41.
Rb6 Ra3 42. f3 Kg6 43. Kg3 Kg5 44. Rb7 Rxa6 45. Rxg7+ Kf5 46. Rg8 Ra1 1/2-1/2

[Event "4NCL 2012-13"]
[Site "Hinckley ENG"]
[Date "2013.03.24"]
[Round "8.182"]
[White "Dishman, Stephen"]
[Black "Ward, Chris G"]
[Result "1/2-1/2"]
[BlackTitle "GM"]
[WhiteElo "2327"]
[BlackElo "2432"]
[WhiteTeam "BCM"]
[BlackTeam "Wood Green, Hilsmark Kingfisher"]
[WhiteFideId "403024"]
[BlackFideId "400203"]
[EventDate "2012.11.03"]

1. d4 Nf6 2. Nc3 d5 3. Bg5 Nbd7 4. Qd3 c5 5. Nf3 c4 6. Qd2 Qb6 7. Ne5 e6 8. Nxd7
Bxd7 9. Rb1 Ne4 10. Nxe4 dxe4 11. c3 Qa5 12. a3 Qf5 13. Be3 Bc6 14. g3 h5 15. h4
Bd6 16. Bh3 Qg6 17. Rg1 Bd5 18. Ra1 O-O 19. Kf1 f5 20. Bf4 Be7 21. Be5 Rac8 22.
Qf4 Rc6 23. Kg2 Rb6 24. Ra2 Kh7 25. Kh2 Qh6 26. Qxh6+ Kxh6 27. Bf4+ Kg6 28. Rd1
Rc8 29. Bf1 Rcc6 30. e3 Kf7 31. Be2 g6 32. Rd2 Ra6 33. Ra1 b5 34. Rc2 Rab6 35.
Kg2 Rb7 36. Bf1 Ra6 37. Be2 Rc6 38. Bf1 Ke8 39. Be2 Kd7 40. Bf1 Ra6 41. Be2 Rc6
42. Bf1 Rbb6 43. Be2 Ra6 44. Rcc1 Ra4 45. Bd1 Ra5 46. Be2 Rca6 47. Bh6 Kc6 48.
Kf1 Kb7 49. Ke1 Rc6 50. Kf1 Raa6 51. Bf4 Rab6 52. Rc2 Rc8 53. Kg2 a5 54. Rac1
Rbc6 55. Ra1 Rb6 56. Rac1 Rbc6 57. Ra1 Rb6 1/2-1/2

[Event "4NCL 2012-13"]
[Site "Hinckley ENG"]
[Date "2013.03.24"]
[Round "8.183"]
[White "Greet, Andrew N"]
[Black "Wadsworth, Matthew J"]
[Result "1/2-1/2"]
[WhiteTitle "IM"]
[WhiteElo "2438"]
[BlackElo "2055"]
[WhiteTeam "Wood Green, Hilsmark Kingfisher"]
[BlackTeam "BCM"]
[WhiteFideId "405817"]
[BlackFideId "415804"]
[EventDate "2012.11.03"]

1. d4 d5 2. c4 c6 3. Nf3 Nf6 4. e3 Bg4 5. Qb3 Qb6 6. Nc3 e6 7. Nh4 Bh5 8. h3 Be7
9. g4 Bg6 10. Nxg6 hxg6 11. Bg2 g5 12. Bd2 Nbd7 13. O-O-O Qxb3 14. axb3 O-O-O
15. Kc2 g6 16. Ne2 Ne4 17. Be1 f5 18. f3 Nd6 19. c5 Nf7 20. b4 a6 21. e4 f4 22.
exd5 exd5 23. Bf2 Rde8 24. Bf1 Bd8 25. Nc3 Rh6 26. Rh2 Kb8 27. Bd3 Kc8 28. Nb1
Reh8 29. Rdh1 Nf8 30. Na3 Kd7 31. Kd2 Bf6 32. Ke2 Nd8 33. Nc2 Nde6 34. Kf1 R8h7
35. Kg2 Kc8 36. Rd1 Kd8 37. Rhh1 Nc7 38. Rd2 Nce6 39. Bf1 Kd7 40. Kh2 Nc7 41.
Bg2 Nfe6 42. Rhd1 Rh8 43. Bf1 R8h7 44. Na3 Rh8 45. Nb1 R8h7 46. Nc3 Rh8 47. Kg1
R6h7 48. Bg2 Rh6 49. Kf1 R6h7 50. Ke2 Nb5 51. Nxb5 axb5 52. Kd3 Re7 53. Re2 Nc7
54. Rxe7+ Kxe7 55. Kc3 Kf7 1/2-1/2

[Event "4NCL 2012-13"]
[Site "Hinckley ENG"]
[Date "2013.03.24"]
[Round "8.184"]
[White "Cooksey, Paul S"]
[Black "Emms, John M"]
[Result "0-1"]
[WhiteTitle "FM"]
[BlackTitle "GM"]
[WhiteElo "2279"]
[BlackElo "2483"]
[WhiteTeam "BCM"]
[BlackTeam "Wood Green, Hilsmark Kingfisher"]
[WhiteFideId "405051"]
[BlackFideId "400254"]
[EventDate "2012.11.03"]

1. d4 g6 2. e4 Bg7 3. Nf3 c5 4. d5 d6 5. c4 e6 6. Bd3 exd5 7. exd5 Ne7 8. O-O
O-O 9. Nc3 Bg4 10. h3 Bxf3 11. Qxf3 Nd7 12. Qd1 Ne5 13. Re1 h6 14. Rb1 Re8 15.
Bf4 Qd7 16. Ne4 Nf5 17. b4 cxb4 18. Rxb4 b6 19. Bf1 Qc7 20. Rb1 Re7 21. Ng3 Nxg3
22. Bxg3 Rae8 23. Re2 Nd7 24. Rxe7 Rxe7 25. Bf4 h5 26. Qa4 Bd4 27. Qc6 Ne5 28.
Qxc7 Rxc7 29. Rd1 Bb2 30. Rb1 Bd4 31. Rd1 Bc3 32. Rc1 Bb4 33. Be2 Kg7 34. g4
hxg4 35. hxg4 f6 36. Kg2 Re7 37. Rc2 Bc5 38. Bc1 g5 39. f4 gxf4 40. Bxf4 Ng6 41.
Kf3 Nxf4 42. Kxf4 Be3+ 43. Kg3 Bg5 44. Bf3 Re3 45. Re2 Rc3 46. Re7+ Kh6 47. Rxa7
Rxc4 48. Be2 Rc3+ 49. Bf3 Be3 50. Rd7 Bd4 51. Kf4 Be5+ 52. Ke4 Rc4+ 53. Ke3 Ra4
54. Rb7 Kg5 55. Bd1 Rxa2 56. Rxb6 Ra1 57. Be2 Ra3+ 58. Kd2 Ra2+ 59. Kd3 Ra5 60.
Ke4 Ra4+ 61. Kd3 Rd4+ 62. Ke3 Rxd5 63. Rb8 Ra5 64. Rg8+ Kh4 65. Bd3 Ra3 66. Ke2
Rb3 67. Bf5 Ra3 68. Be6 Rc3 69. Kf2 Bd4+ 70. Kg2 Rg3+ 71. Kf1 Rf3+ 0-1

[Event "4NCL 2012-13"]
[Site "Hinckley ENG"]
[Date "2013.03.24"]
[Round "8.185"]
[White "Kvisvik, Brede"]
[Black "Webb, Richard M"]
[Result "1-0"]
[WhiteTitle "FM"]
[BlackTitle "FM"]
[WhiteElo "2315"]
[BlackElo "2266"]
[WhiteTeam "Wood Green, Hilsmark Kingfisher 2"]
[BlackTeam "BCM"]
[WhiteFideId "1502999"]
[BlackFideId "404829"]
[EventDate "2012.11.03"]

1. d4 Nf6 2. c4 g6 3. Nc3 d5 4. Nf3 Bg7 5. Qa4+ Bd7 6. Qb3 dxc4 7. Qxc4 O-O 8.
Bf4 Na6 9. e4 c5 10. e5 Nh5 11. Be3 cxd4 12. Qxd4 Bc6 13. Be2 Qa5 14. O-O Bxf3
15. Bxf3 Bxe5 16. Qe4 Nf6 17. Qxb7 Rab8 18. Qxe7 Rfe8 19. Qxa7 Rxb2 20. Rac1 Rb4
21. Be2 Qc7 22. Qxc7 Nxc7 23. a4 Ncd5 24. Nxd5 Nxd5 25. Bc5 Rb2 26. Bb5 Rb8 27.
Rfe1 Bf4 28. Rb1 Rxb1 29. Rxb1 Nc3 30. Rb3 Ne4 31. Be3 Bd6 32. g3 Kf8 33. Rd3
Ke7 34. f3 Nc5 35. Rxd6 Rxb5 36. Rb6 Ra5 37. Bd2 Rxa4 38. Bb4 Ra1+ 39. Kf2 Rc1
40. Rc6 Rc2+ 41. Ke3 Rc4 42. Bxc5+ Kd7 43. Rd6+ Kc7 44. Ba3 1-0

[Event "4NCL 2012-13"]
[Site "Hinckley ENG"]
[Date "2013.03.24"]
[Round "8.186"]
[White "Thompson, Ian D"]
[Black "Pein, Malcolm"]
[Result "0-1"]
[WhiteTitle "FM"]
[BlackTitle "IM"]
[WhiteElo "2250"]
[BlackElo "2376"]
[WhiteTeam "BCM"]
[BlackTeam "Wood Green, Hilsmark Kingfisher"]
[WhiteFideId "405205"]
[BlackFideId "400289"]
[EventDate "2012.11.03"]

1. c4 c6 2. Nf3 Nf6 3. Nc3 d5 4. e3 Nbd7 5. d4 e6 6. Bd3 Bd6 7. O-O dxc4 8. Bxc4
b5 9. Bd3 Bb7 10. e4 e5 11. dxe5 Nxe5 12. Nxe5 Bxe5 13. f4 Bd4+ 14. Kh1 h5 15.
e5 Ng4 16. Ne4 Qh4 17. h3 O-O-O 18. Bd2 c5 19. Be1 Qe7 20. Qe2 c4 21. Rc1 Kb8
22. Bb1 f6 23. Bh4 Ne3 24. exf6 gxf6 25. Bxf6 Bxf6 26. Qxe3 Rhe8 27. Rce1 Rd4
28. Nxf6 Qxe3 29. Rxe3 Rxe3 30. Nxh5 Rxh3+ 0-1

[Event "4NCL 2012-13"]
[Site "Hinckley ENG"]
[Date "2013.03.24"]
[Round "8.187"]
[White "Lee, Graham D"]
[Black "Hansen, Hans-Peter"]
[Result "1/2-1/2"]
[WhiteTitle "FM"]
[WhiteElo "2249"]
[BlackElo "2207"]
[WhiteTeam "Wood Green, Hilsmark Kingfisher"]
[BlackTeam "BCM"]
[WhiteFideId "400750"]
[BlackFideId "1503502"]
[EventDate "2012.11.03"]

1. e4 d5 2. exd5 Qxd5 3. Nf3 Bg4 4. Be2 Nc6 5. h3 Bxf3 6. Bxf3 Qe5+ 7. Qe2 Qxe2+
8. Bxe2 Nd4 9. Bd1 O-O-O 10. c3 Nc6 11. d4 e5 12. Bg4+ Kb8 13. dxe5 Nxe5 14. Be2
Nd3+ 15. Bxd3 Rxd3 16. Ke2 Rd8 1/2-1/2

[Event "4NCL 2012-13"]
[Site "Hinckley ENG"]
[Date "2013.03.24"]
[Round "8.188"]
[White "Yurenok, Maria S"]
[Black "Hegarty, Sarah N"]
[Result "0-1"]
[WhiteTitle "WFM"]
[BlackTitle "WFM"]
[WhiteElo "2041"]
[BlackElo "2133"]
[WhiteTeam "BCM"]
[BlackTeam "Wood Green, Hilsmark Kingfisher"]
[WhiteFideId "409359"]
[BlackFideId "2501465"]
[EventDate "2012.11.03"]

1. d4 d5 2. c4 e6 3. Nc3 c6 4. cxd5 exd5 5. Nf3 Nf6 6. Bg5 Be7 7. Qc2 g6 8. e3
Bf5 9. Bd3 Bxd3 10. Qxd3 Nbd7 11. O-O O-O 12. Rab1 a5 13. Nd2 Re8 14. f3 Qc7 15.
Bf4 Qb6 16. Bg3 Rad8 17. a3 Nh5 18. Bf2 Qc7 19. b4 Bd6 20. f4 Ndf6 21. h3 b5 22.
g4 Ng7 23. Nf3 Ne4 24. Rfc1 Qe7 25. Ne2 Nxf2 26. Kxf2 axb4 27. axb4 Rc8 28. Qd2
Ne6 29. Rb3 f6 30. Rc2 Nf8 31. Qc1 Qb7 32. Ne1 Nd7 33. Nd3 Nb6 34. Nc5 Qe7 35.
Ng1 Nc4 36. Nf3 Ra8 37. h4 Ra7 38. g5 Rea8 39. gxf6 Qxf6 40. Qg1 Ra2 41. Rxa2
Rxa2+ 42. Kg3 Qf5 43. Ne5 Bxc5 44. bxc5 Nd2 0-1

[Event "4NCL 2012-13"]
[Site "Hinckley ENG"]
[Date "2013.05.04"]
[Round "9.112"]
[White "Shirov, Alexei"]
[Black "Palliser, Richard J D"]
[Result "1/2-1/2"]
[WhiteTitle "GM"]
[BlackTitle "IM"]
[WhiteElo "2708"]
[BlackElo "2453"]
[WhiteTeam "Wood Green, Hilsmark Kingfisher 1"]
[BlackTeam "White Rose"]
[WhiteFideId "2209390"]
[BlackFideId "407372"]
[EventDate "2012.11.03"]

1. e4 c5 2. Nf3 d6 3. d4 cxd4 4. Nxd4 Nf6 5. Nc3 a6 6. h3 e5 7. Nde2 h5 8. g3
Be7 9. Bg2 b5 10. Nd5 Nbd7 11. Nxe7 Qxe7 12. Bg5 Bb7 13. Nc3 Qe6 14. h4 b4 15.
Bh3 Ng4 16. Nd5 Bxd5 17. exd5 Qg6 18. f3 Ngf6 19. O-O O-O 20. f4 Qe4 21. fxe5
Qxe5 22. Bf4 Qxb2 23. Bxd6 Rfc8 24. Bf5 g6 25. Rb1 Qxa2 26. Bxd7 Nxd7 27. Rf2
Rc3 28. Rxb4 Rac8 29. Rbf4 Rxc2 30. Rxf7 Rc1 31. Rxa2 Rxd1+ 32. Rf1 Rcc1 33.
Rxd1 Rxd1+ 34. Kg2 Rxd5 1/2-1/2

[Event "4NCL 2012-13"]
[Site "Hinckley ENG"]
[Date "2013.05.04"]
[Round "9.113"]
[White "McNab, Colin A"]
[Black "Howell, David W L"]
[Result "0-1"]
[WhiteTitle "GM"]
[BlackTitle "GM"]
[WhiteElo "2455"]
[BlackElo "2634"]
[WhiteTeam "White Rose"]
[BlackTeam "Wood Green, Hilsmark Kingfisher"]
[WhiteFideId "2400030"]
[BlackFideId "410608"]
[EventDate "2012.11.03"]

1. c4 c6 2. Nf3 d5 3. e3 Nf6 4. b3 Bf5 5. Bb2 e6 6. Nh4 Bg4 7. Be2 Bxe2 8. Qxe2
a5 9. O-O a4 10. f4 Be7 11. Nf3 O-O 12. d3 Na6 13. Ne5 Nd7 14. Nxd7 Qxd7 15.
cxd5 exd5 16. Nd2 a3 17. Bc3 Bb4 18. Bxb4 Nxb4 19. f5 Rfe8 20. e4 f6 21. Nf3
Qxf5 22. Qd2 dxe4 23. Qxb4 exf3 24. Rxf3 Qd7 25. Qc4+ Kh8 26. Raf1 Re5 27. Rh3
Qe7 28. Qh4 h6 29. Qf4 Rd8 30. Rg3 Re2 31. Rf2 Re1+ 32. Rf1 Qe2 33. Rxe1 Qxe1+
34. Qf1 Re8 35. Rf3 Qc3 36. Kf2 Qd2+ 37. Kg3 Re1 38. Qf2 Re2 39. Qf1 Qxa2 40.
Kh3 Qb2 41. d4 Re6 42. Qc4 Qe2 0-1

[Event "4NCL 2012-13"]
[Site "Hinckley ENG"]
[Date "2013.05.04"]
[Round "9.114"]
[White "Rowson, Jonathan"]
[Black "Van De Griendt, Jan Willem"]
[Result "1-0"]
[WhiteTitle "GM"]
[BlackTitle "FM"]
[WhiteElo "2586"]
[BlackElo "2323"]
[WhiteTeam "Wood Green, Hilsmark Kingfisher"]
[BlackTeam "White Rose"]
[WhiteFideId "2400561"]
[BlackFideId "1002112"]
[EventDate "2012.11.03"]

1. d4 Nf6 2. c4 e6 3. Nc3 c5 4. d5 exd5 5. cxd5 d6 6. e4 g6 7. f4 Bg7 8. Bb5+
Nfd7 9. Nf3 a6 10. Bd3 b5 11. O-O O-O 12. a3 Nb6 13. f5 N8d7 14. Bg5 Bf6 15. h4
Na4 16. Qd2 c4 17. Bc2 Nxc3 18. bxc3 Qa5 19. Nd4 Bxg5 20. hxg5 Ne5 21. a4 b4 22.
cxb4 Qb6 23. Qc3 Bd7 24. Kh1 Rfb8 25. Rab1 Qd8 26. Qg3 c3 27. Qf4 Qe8 28. Nf3
Bxa4 29. Bxa4 Qxa4 30. Nxe5 dxe5 31. Qf3 gxf5 32. Qxc3 fxe4 33. Qxe5 Rxb4 34.
Qe7 Rxb1 35. Qxf7+ Kh8 36. Rxb1 Qd4 37. Rb7 Qa1+ 38. Kh2 Qe5+ 39. g3 1-0

[Event "4NCL 2012-13"]
[Site "Hinckley ENG"]
[Date "2013.05.04"]
[Round "9.115"]
[White "Adair, James R"]
[Black "Baburin, Alexander"]
[Result "1-0"]
[WhiteTitle "FM"]
[BlackTitle "GM"]
[WhiteElo "2297"]
[BlackElo "2534"]
[WhiteTeam "White Rose"]
[BlackTeam "Wood Green, Hilsmark Kingfisher"]
[WhiteFideId "406252"]
[BlackFideId "2500914"]
[EventDate "2012.11.03"]

1. e4 Nf6 2. e5 Nd5 3. d4 d6 4. c4 Nb6 5. exd6 exd6 6. Nc3 Nc6 7. Nf3 Be7 8. d5
Ne5 9. Nxe5 dxe5 10. Be3 Nd7 11. Bd3 O-O 12. O-O f5 13. f4 e4 14. Bc2 Bf6 15.
Qd2 c5 16. h3 b6 17. Kh1 Kh8 18. Bf2 Ba6 19. b3 Qb8 20. a4 Qd6 21. Rae1 Rae8 22.
Ne2 Bc8 23. g4 fxg4 24. hxg4 Bh4 25. Bxh4 Qh6 26. Nc3 Qxh4+ 27. Qh2 Qxg4 28.
Nxe4 h6 29. Nd6 Rxe1 30. Rxe1 Nf6 31. Bd1 Qd7 32. Re6 Qd8 33. Nxc8 Qxc8 34. Qe2
Qd8 35. Kg2 Re8 36. Kf3 Rf8 37. Qe5 Qd7 38. Bc2 Ng8 39. Bg6 Qd8 40. Re8 Rxe8 41.
Qxe8 Qh4 42. Bf7 Qh1+ 43. Kg4 h5+ 44. Kg5 Qg2+ 45. Kxh5 g6+ 46. Bxg6 Qh3+ 47.
Kg5 Qg3+ 48. Kf5 Qh3+ 49. Ke4 1-0

[Event "4NCL 2012-13"]
[Site "Hinckley ENG"]
[Date "2013.05.04"]
[Round "9.116"]
[White "Pert, Nicholas"]
[Black "Olsarova, Tereza"]
[Result "1-0"]
[WhiteTitle "GM"]
[BlackTitle "WIM"]
[WhiteElo "2557"]
[BlackElo "2267"]
[WhiteTeam "Wood Green, Hilsmark Kingfisher"]
[BlackTeam "White Rose"]
[WhiteFideId "403989"]
[BlackFideId "325449"]
[EventDate "2012.11.03"]

1. d4 d5 2. c4 c6 3. Nf3 Nf6 4. e3 e6 5. Nbd2 Nbd7 6. Bd3 Bd6 7. O-O O-O 8. e4
e5 9. cxd5 cxd5 10. Re1 Re8 11. exd5 exd4 12. Rxe8+ Qxe8 13. Nc4 Bc5 14. Qc2
Nxd5 15. Bxh7+ Kh8 16. Bd2 g6 17. Re1 Ne7 18. Bxg6 fxg6 19. b4 Bb6 20. Bg5 Bd8
21. Qe4 Qg8 22. Qxd4+ 1-0